00621cam a2200193 a 450000500170000000800410001702000150005803500190007304000500009204100080014210000220015024500700017226000510024230000170029365000350031065000280034565000270037376500270040020160826145442.0160826s1994 mx a fr 0 spa d a9706250794 a(Sirsi) 142878 aCO-BoUCMbspacSandra PalaciodSandra Palacio1 aspa1 aRouillard, Larrie10aComo establecer y alcanzar metas y objetivoscLarrie A. Rouillard aMéxico D.F. (México)bIberoaméricac1994 a83 páginas17aAdministración por objetivos27aÉxito en los negocios 7aÉxito xMotivación1 tGoals and goal setting